Analysis of pump station control systems; Bulletin of the Tomsk Polytechnic University; Vol. 311, № 4 : Power engineering
| Parent link: | Bulletin of the Tomsk Polytechnic University/ Tomsk Polytechnic University (TPU).— , 2006-2007 Vol. 311, № 4 : Power engineering.— 2007.— [P. 107-112] |
|---|---|
| Hlavní autor: | |
| Další autoři: | |
| Shrnutí: | Заглавие с титульного листа Электронная версия печатной публикации Systematization and comparative analysis of circuit solutions of pump station control systems has been carried out. The main features at operation of various control systems of the automated stations are presented. The criteria for selection of the efficient configurations of control systems are formulated. |
| Jazyk: | angličtina |
| Vydáno: |
2007
|
| Edice: | Power engineering |
| Témata: | |
| On-line přístup: | http://www.lib.tpu.ru/fulltext/v/Bulletin_TPU/2007/v311eng/i4/25.pdf |
| Médium: | MixedMaterials Elektronický zdroj Kapitola |
| KOHA link: | https://koha.lib.tpu.ru/cgi-bin/koha/opac-detail.pl?biblionumber=194394 |
MARC
| LEADER | 00000nla2a2200000 4500 | ||
|---|---|---|---|
| 001 | 194394 | ||
| 005 | 20231031182341.0 | ||
| 035 | |a (RuTPU)RU\TPU\book\212016 | ||
| 035 | |a RU\TPU\book\212014 | ||
| 090 | |a 194394 | ||
| 100 | |a 20110414d2007 k y0rusy50 ca | ||
| 101 | 1 | |a eng |c rus | |
| 102 | |a RU | ||
| 135 | |a drnn ---uucaa | ||
| 200 | 1 | |a Analysis of pump station control systems |b Electronic resource |f D. V. Tolparov, Yu. N. Dementiev | |
| 203 | |a Text |c electronic | ||
| 215 | |a 1 файл (323 Кб) | ||
| 225 | 1 | |a Power engineering | |
| 230 | |a Электронные текстовые данные (1 файл : 323 Кб) | ||
| 300 | |a Заглавие с титульного листа | ||
| 300 | |a Электронная версия печатной публикации | ||
| 320 | |a [Bibliography: p. 112 (5 titles)] | ||
| 330 | |a Systematization and comparative analysis of circuit solutions of pump station control systems has been carried out. The main features at operation of various control systems of the automated stations are presented. The criteria for selection of the efficient configurations of control systems are formulated. | ||
| 337 | |a Adobe Reader | ||
| 461 | 1 | |0 (RuTPU)RU\TPU\book\169973 |t Bulletin of the Tomsk Polytechnic University |f Tomsk Polytechnic University (TPU) |d 2006-2007 | |
| 463 | 1 | |0 (RuTPU)RU\TPU\book\200683 |t Vol. 311, № 4 : Power engineering |v [P. 107-112] |d 2007 |p 146 p. | |
| 610 | 1 | |a control systems | |
| 610 | 1 | |a pump stations | |
| 610 | 1 | |a systematization | |
| 610 | 1 | |a comparative analysis | |
| 610 | 1 | |a circuit solutions | |
| 610 | 1 | |a automated stations | |
| 610 | 1 | |a труды учёных ТПУ | |
| 610 | 1 | |a электронный ресурс | |
| 675 | |a 628.12 |v 3 | ||
| 700 | 1 | |a Tolparov |b D. V. | |
| 701 | 1 | |a Dementiev |b Yu. N. | |
| 801 | 1 | |a RU |b 63413507 |c 20090623 |g PSBO | |
| 801 | 2 | |a RU |b 63413507 |c 20110414 |g PSBO | |
| 856 | 4 | |u http://www.lib.tpu.ru/fulltext/v/Bulletin_TPU/2007/v311eng/i4/25.pdf | |
| 942 | |c CF | ||